| 000 | 00812ntm a22002297a 4500 | ||
|---|---|---|---|
| 005 | 20170813152956.0 | ||
| 008 | 170802s2014 xx a frb 000 0 eng d | ||
| 040 |
_aEG-ScBUE _beng _cEG-ScBUE |
||
| 082 | 0 | 4 |
_222 _a624 _bMOA |
| 100 | 1 | _aMoataz, Mohamed. | |
| 245 | 1 | 0 |
_aR.C Structures design high rise residential building / _cby Mohamed Moataz, Anas Sherif. |
| 260 | _c2014. | ||
| 300 |
_a1 v. : _bill. (col.) ; _c28 cm. |
||
| 500 | _aA design project submitted to the faculty of engineering at the British university in Egypt in partial fulfillment of the requirements for the bachelor degree in civil engineering. | ||
| 590 | _aAngham. | ||
| 650 | 7 |
_2BUEsh _aCivil Engineering _vProjects |
|
| 653 |
_bENGCIV _cAugust2017 |
||
| 655 | _vSPRO | ||
| 700 | 1 | _aSherif, Anas. | |
| 777 | _ASPRO | ||
| 942 | _2ddc | ||
| 999 |
_c25383 _d25355 |
||